Giáo trình y phục thường ngày
Giới thiệu lí thuyết và hướng dẫn thực hành kĩ thuật cắt may các dạng áo, các dạng quần của nữ giới.
Saved in:
| Main Author: | |
|---|---|
| Format: | Book |
| Language: | Undetermined |
| Published: |
Hà Nội
Đại học Sư Phạm
2005
|
| Subjects: | |
| Tags: |
Add Tag
No Tags, Be the first to tag this record!
|
| Institutions: | Trung tâm Học liệu Trường Đại học Cần Thơ |
|---|
| LEADER | 00764nam a2200217Ia 4500 | ||
|---|---|---|---|
| 001 | CTU_112776 | ||
| 008 | 210402s9999 xx 000 0 und d | ||
| 020 | |c 36000 | ||
| 082 | |a 687.142 | ||
| 082 | |b V121/T.1 | ||
| 100 | |a Nguyễn, Thị Cẩm Vân | ||
| 245 | 0 | |a Giáo trình y phục thường ngày | |
| 245 | 0 | |c Nguyễn Thị Cẩm Vân | |
| 260 | |a Hà Nội | ||
| 260 | |b Đại học Sư Phạm | ||
| 260 | |c 2005 | ||
| 520 | |a Giới thiệu lí thuyết và hướng dẫn thực hành kĩ thuật cắt may các dạng áo, các dạng quần của nữ giới. | ||
| 650 | |a Tailoring,Clothing | ||
| 650 | |x Women | ||
| 904 | |i Giang | ||
| 980 | |a Trung tâm Học liệu Trường Đại học Cần Thơ | ||